000 00587nam a2200217Ia 4500
003 OSt
005 20220926005801.0
006 a|||||r|||| 00| 0
007 ta
008 220923b |||||||| |||| 00| 0 eng d
037 _cGeneral Book
040 _aRTL
_cRTL
_beng
041 _2eng
_aeng
082 _aX72:75.2.N7, L8
100 _aSanthanam R
_951289
245 0 _aTax planning by exporters
260 _a New Delhi
_bTaxation Publishers India
_c1978
650 _aTax
942 _hX72:75.2.N7, L8
_cGB
_2CC
999 _c615235
_d615235